Представление документа в формате RUSMARC

ПолеНазваниеЗначение
  Тип записи a
  Библиографический уровень m
001 Контрольный номер RU/SLIB/B/208787259
005 Дата корректировки 20201206204406.1
010 Индекс ISBN __
a ISBN 5-93020-347-4 (в пер.)
d Цена 230-00, 400 экз.
100 Данные общей обработки __
a Данные общей обработки 19190730d||||2005||| 0rusy0189 ca
101 Язык документа 0_
a Язык текста rus
102 Страна публикации __
a Страна публикации ru
102 Страна публикации __
a Страна публикации RU
105 Кодированные данные (монография) __
a Кодированные данные (монография) abсh||||||1zy
200 Заглавие и сведения об ответственности 1_
a Заглавие Князь Матвей Петрович Гагарин
e Сведения, относящиеся к заглавию Генеральный президент Сибирского приказа и сибирских провинций судия, Московский комендант и всея Сибири губернатор, (Первый сибирский автономист), Сибирь эпохи Петра Великого
f Первые сведения об ответственности Георгий Катанаев ; составитель Л. И. Огородникова
b Общее обозначение материала Текст
210 Выходные данные __
a Место издания Тюмень
c Издательство Мандр и Ка
d Дата издания 2005
215 Физическое описание __
a Объем 207 с.
c Иллюстрации/тип воспроизводства ил., портр., факс., карты
d Формат 21 см
330 Аннотация __
a Аннотация Первая публикация документа, хранящегося в Государственном архиве Омской области, подготовленного к печати его сотрудниками. Издание предназначено для студентов, аспирантов, историков, всех читателей, интересующихся вопросами истории Сибири.
517 Другие варианты заглавия __
a Другие варианты заглавия Гагарин Матвей Петрович
600 Персоналии __
a Персоналии (Фамилия) Гагарин, М. П.
c Дополнение к имени князь
f Даты 1659-1721
g Полное имя Матвей Петрович
606 Тематические рубрики __
a Основная рубрика История
z Хронологическая подрубрика 18 в.
y Географическая подрубрика Российская империя
y Географическая подрубрика Россия
y Географическая подрубрика Сибирь
606 Тематические рубрики __
a Основная рубрика Россия в XVIII в. - 1917 г.
610 Ключевые слова __
a Ключевые слова князья
610 Ключевые слова __
a Ключевые слова петровская эпоха
610 Ключевые слова __
a Ключевые слова губернаторы
610 Ключевые слова __
a Ключевые слова биографии
610 Ключевые слова __
a Ключевые слова жизнеописания
610 Ключевые слова __
a Ключевые слова государственные деятели
610 Ключевые слова __
a Ключевые слова исторические деятели
610 Ключевые слова __
a Ключевые слова персоналии
686 Индексы других классификаций __
2 Код системы rubbks
a Классификационный индекс 63.3(2)511-8; ст63.3(2)511-8
700 Автор _1
a Фамилия Катанаев
b Имя Г. Е.
f Даты 1848-1921
g Полное личное имя Георгий Ефремович
4 Код отношения 070
702 Вторичная интеллектуальная ответственность _1
a Фамилия Огородникова
b Имя Л. И.
4 Код отношения Составитель
g Полное личное имя Людмила Ивановна
4 Код отношения 220
801 Источник записи _0
a Страна ru
b Организация Муниципальное бюджетное учреждение культуры "Централизованная библиотечная система" г. Сургут (Центральная городская библиотека им. А. С. Пушкина)
c Дата составления 20190730
g Правила каталогизации PSBO
801 Источник записи _1
a Страна ru
b Организация Муниципальное бюджетное учреждение культуры "Централизованная библиотечная система" г. Сургут (Центральная городская библиотека им. А. С. Пушкина)
c Дата составления 20190730
g Правила каталогизации PSBO
852 Данные о местонахождении __
j Шифр хранения 63.3(2)511-8
i Авторский знак К 29
901 Тип документа __
a Ответственный КиК/Елгина; КиК/Лукашук
t Тип документа m
903 Характеристики (МАРС) __
a Дата передачи 20190730; 20060428
990 Данные о заказе (DOS) __
j Количество экземпляров (DOS) 1; 10
t N записи в КСУ для И/У (DOS) 201908; 200605